| 000 | 00785nam a22002177a 4500 | ||
|---|---|---|---|
| 003 | OSt | ||
| 005 | 20251206034922.0 | ||
| 008 | 251206b |||||||| |||| 00| 0 eng d | ||
| 020 | _a0-323-01647-2. | ||
| 040 |
_aDWCL-Main lib. _cOC |
||
| 082 |
_25th ed. _aCirc. 610.73 M294 2003 |
||
| 100 | _aSwearingen, Pamela L. | ||
| 245 |
_aManual of medical-surgical nursing care : _b nursing interventions & collaborative management/ _cPamela L. Swearingen |
||
| 250 | _a5th ed. | ||
| 260 |
_aSt. Louis : _bElsevier/Mosby, _cc2003. |
||
| 300 |
_axxi, 776 p. ; _c22 cm. |
||
| 650 | _a1. Nursing diagnosis-Handbooks, manuals, etc. | ||
| 650 | _a2. Nursing-handboks, manuals, etc. | ||
| 650 | _a3. Surgical nursing-Handbooks, manuals, etc. | ||
| 942 |
_2ddc _cBK-CIRC _e5th ed. _hCirc. _n0 |
||
| 999 |
_c7003 _d7003 |
||